Online katalóg knižníc regiónu Turca

Pavúčik Zlatúšik (Record no. 21434)

MARC details
000 -LEADER
fixed length control field 02099cam a2200541 4500
001 - CONTROL NUMBER
control field 21434
003 - CONTROL NUMBER IDENTIFIER
control field VRT
005 - DATE AND TIME OF LATEST TRANSACTION
control field 20260302110630.0
008 - FIXED-LENGTH DATA ELEMENTS--GENERAL INFORMATION
fixed length control field 210906s2020 xo af ar 000 j slo
015 ## - NATIONAL BIBLIOGRAPHY NUMBER
National bibliography number SNBA2021/06
020 ## - INTERNATIONAL STANDARD BOOK NUMBER
International Standard Book Number 9788055175263
Qualifying information (viazané)
035 ## - SYSTEM CONTROL NUMBER
System control number urn:nbn:sk:snk-am00fgs8
035 ## - SYSTEM CONTROL NUMBER
System control number urn:nbn:sk:snk-am3iv4t
035 ## - SYSTEM CONTROL NUMBER
System control number A4D0D43E-0DB9-4CE2-9AF9-8DA7D0E9C116
039 #9 - LEVEL OF BIBLIOGRAPHIC CONTROL AND CODING DETAIL [OBSOLETE]
Level of rules in bibliographic description 202207041322
Level of effort used to assign nonsubject heading access points msnk167
Level of effort used to assign subject headings 202109061613
Level of effort used to assign classification VLOAD
Level of effort used to assign subject headings 202108271616
Level of effort used to assign classification VLOAD
Level of effort used to assign subject headings 202106171630
Level of effort used to assign classification msnk167
040 ## - CATALOGING SOURCE
Original cataloging agency ZKSE
Language of cataloging slo
Transcribing agency ZKSE
Modifying agency SNK
Description conventions rda
041 1# - LANGUAGE CODE
Language code of text/sound track or separate title slo
Language code of original ger
044 ## - COUNTRY OF PUBLISHING/PRODUCING ENTITY CODE
MARC country code xo
ISO country code SK
072 #7 - SUBJECT CATEGORY CODE
Subject category code 821.112.2-3
Subject category code subdivision Nemecká próza, nemecky písaná
Source konspekt
072 #7 - SUBJECT CATEGORY CODE
Subject category code 821-93
Subject category code subdivision Literatúra pre deti a mládež (beletria)
Source konspekt
080 ## - UNIVERSAL DECIMAL CLASSIFICATION NUMBER
Universal Decimal Classification number 821.112.2-34
Edition identifier 2011
080 ## - UNIVERSAL DECIMAL CLASSIFICATION NUMBER
Universal Decimal Classification number 82-93-053.4/.5
Edition identifier 2011
100 1# - MAIN ENTRY--PERSONAL NAME
Personal name Amft, Diana,
Dates associated with a name 1975-
Relationship aut
240 14 - UNIFORM TITLE
Uniform title Die kleine Spinne Widerlich. Wundervolle Winterzeit
Language of a work Slovensky
245 10 - TITLE STATEMENT
Title Pavúčik Zlatúšik
Name of part/section of a work Čarovná zima
Statement of responsibility, etc. Diana Amftová ; ilustrovala Martina Matosová ; preložila Jana H. Hoffstädter
246 30 - VARYING FORM OF TITLE
Title proper/short title Čarovná zima
250 ## - EDITION STATEMENT
Edition statement Prvé vydanie
264 #1 - PRODUCTION, PUBLICATION, DISTRIBUTION, MANUFACTURE, AND COPYRIGHT NOTICE
Place of production, publication, distribution, manufacture Bratislava
Name of producer, publisher, distributor, manufacturer Ikar, a.s. - Stonožka
Date of production, publication, distribution, manufacture, or copyright notice 2020
300 ## - PHYSICAL DESCRIPTION
Extent 24 nečíslovaných strán
Other physical details farebné ilustrácie, farebné ilustrované listy
Dimensions 24 cm
336 ## - CONTENT TYPE
Content type term text
Content type code txt
Source rdacontent
336 ## - CONTENT TYPE
Content type term statický obraz
Content type code sti
Source rdacontent
337 ## - MEDIA TYPE
Media type term bez média
Media type code n
Source rdamedia
338 ## - CARRIER TYPE
Carrier type term zväzok
Carrier type code nc
Source rdacarrier
500 ## - GENERAL NOTE
General note Obsahuje biografické údaje o autorke a ilustrátorke
500 ## - GENERAL NOTE
General note Preložené z nemčiny
521 8# - TARGET AUDIENCE NOTE
Target audience note Pre deti od 3 rokov
655 #7 - INDEX TERM--GENRE/FORM
Genre/form data or focus term nemecké rozprávky
Source of term SNKPH
655 #7 - INDEX TERM--GENRE/FORM
Genre/form data or focus term literatúra pre deti
Source of term SNKPH
655 #7 - INDEX TERM--GENRE/FORM
Genre/form data or focus term German fairy tales
Source of term SNKPHeng
655 #7 - INDEX TERM--GENRE/FORM
Genre/form data or focus term Children's literature
Source of term SNKPHeng
700 1# - ADDED ENTRY--PERSONAL NAME
Personal name Matos, Martina,
Dates associated with a name 1978-
Relationship ill
700 1# - ADDED ENTRY--PERSONAL NAME
Personal name Hoffstädter, Jana H.,
Dates associated with a name 1980-
Relationship trl
787 08 - OTHER RELATIONSHIP ENTRY
Relationship information Zo série:
Title Pavúčik zlatúšik
Related parts 7
910 ## - USER-OPTION DATA (OCLC)
User-option data snk
942 ## - ADDED ENTRY ELEMENTS (KOHA)
Source of classification or shelving scheme Dewey Decimal Classification
Koha item type Krásna literatúra pre deti
Suppress in OPAC No
949 ## - LOCAL PROCESSING INFORMATION (OCLC)
6 17A1449275
a snkSC 191647 D1
b snk2021/367
o 2100/2020
949 ## - LOCAL PROCESSING INFORMATION (OCLC)
6 17A1449274
a snkSC 191647
b snk2021/366
o 2100/2020
s 6100:20210504
Holdings
Stav vyradenia Strata Poškodenie Spôsob nadobudnutia Domovská knižnica Aktuálna knižnica Dátum nadobudnutia Total checkouts Čiarový kód exemplára Date last seen Typ exemplára
      Dar Obecná knižnica Turčianska Štiavnička Obecná knižnica Turčianska Štiavnička 02.03.2026   4738000125 02.03.2026 Krásna literatúra pre deti
Projekt je podporený Slovenskou asociáciou knižníc
Prevádzkuje Turčianska knižnica Martin 2026